| 000 | 01154cam a2200289 a 4500 | ||
|---|---|---|---|
| 001 | 3960575 | ||
| 003 | ARRUPE | ||
| 005 | 20130926172404.0 | ||
| 008 | 941101s1995 mnu b 001 0 eng | ||
| 010 | _a 94023990 | ||
| 020 | _a0814661408 | ||
| 040 |
_aDLC _cDLC _dDLC |
||
| 050 | 0 | 0 |
_aBV873.I54 _bL58 1995 |
| 245 | 0 | 0 |
_aLiving water, sealing spirit : _breadings on Christian initiation / _cMaxwell E. Johnson ... [et al.] ; edited by Maxwell E. Johnson. |
| 260 |
_aCollegeville, Minn. : _bLiturgical Press, _cc1995. |
||
| 300 |
_axx, 420 p. ; _c23 cm. |
||
| 500 | _a"A Pueblo book." | ||
| 504 | _aIncludes bibliographical references and index. | ||
| 610 | 2 | 0 |
_aCatholic Church _xLiturgy _xHistory. _91528 |
| 610 | 2 | 0 |
_aCatholic Church _xLiturgy. _91529 |
| 650 | 0 |
_aInitiation rites _xReligious aspects _xChristianity _xHistory. _91530 |
|
| 650 | 0 |
_aInitiation rites _xReligious aspects _xCatholic Church. _91531 |
|
| 700 | 1 |
_aJohnson, Maxwell E., _d1952- _91532 |
|
| 906 |
_a7 _bcbc _corignew _d1 _eocip _f19 _gy-gencatlg |
||
| 942 |
_2lcc _cMONOGRAPH |
||
| 999 |
_c118110 _d118110 |
||